[Event "Xativa Murta op 5th"]
[Site "Xativa"]
[Date "2019.07.18"]
[Round "6"]
[White "Ecija Molina, Juan"]
[Black "Crespo Calatayud, Santiago"]
[Result "0-1"]
[WhiteElo "1379"]
[BlackElo "1758"]
[PlyCount "82"]
[EventDate "2019.07.15"]
[EventType "swiss"]
[EventRounds "9"]
[EventCountry "ESP"]
[SourceTitle "EXT 2020"]
[Source "ChessBase"]
[SourceDate "2019.10.17"]
[SourceVersion "1"]
[SourceVersionDate "2019.10.17"]
[SourceQuality "1"]

1. c4 Nf6 2. d3 c5 3. e4 d6 4. h3 g6 5. Nc3 Bg7 6. Nf3 Nc6 7. Be3 b6 8. Be2 0-0 9. 0-0 Bb7 10. a3 e6 11. Qc2 d5 12. cxd5 exd5 13. exd5 Nxd5 14. Rad1 Nxe3 15. fxe3 Qe7 16. Nd5 Qd7 17. e4 Nd4 18. Qd2 Bxd5 19. exd5 Qxd5 20. Kh1 Nxe2 21. Qxe2 Rad8 22. Qe7 Rd7 23. Qh4 Bxb2 24. Rfe1 Qh5 25. Qa4 Rfd8 26. Re8+ Rxe8 27. Qxd7 Re6 28. Rf1 Rf6 29. Re1 Kg7 30. Rf1 g5 31. Qd5 h6 32. Re1 Qg6 33. d4 Rd6 34. Qe5+ Qf6 35. Qg3 Bxd4 36. Nh2 Bf2 37. Qe5 Bxe1 38. Qxe1 Re6 39. Qc1 Qf2 40. Qc3+ f6 41. Nf3 Re2 0-1

[Event "Xativa Social Club"]
[Site "Xativa"]
[Date "2017.05.13"]
[Round "3"]
[White "Oltra Artal, Ferran"]
[Black "Ecija Molina, Juan"]
[Result "0-1"]
[WhiteElo "1213"]
[BlackElo "1643"]
[PlyCount "72"]
[EventDate "2017.04.29"]
[EventType "swiss"]
[EventRounds "7"]
[EventCountry "ESP"]
[SourceTitle "EXT 2024"]
[Source "ChessBase"]
[SourceDate "2023.10.10"]
[SourceVersion "1"]
[SourceVersionDate "2023.10.10"]
[SourceQuality "1"]

1. d4 d5 2. c4 e6 3. Nc3 b6 4. Bf4 Nf6 5. e3 Nc6 6. a3 Be7 7. Nf3 h6 8. h3 a6 9. cxd5 exd5 10. Bd3 Bd6 11. Bxd6 cxd6 12. 0-0 0-0 13. Rc1 Ne7 14. Qb3 Bb7 15. Rc2 Ne4 16. Nd2 Nf6 17. Rfc1 Qd7 18. Qxb6 Rae8 19. Bxa6 Bxa6 20. Qxa6 Nf5 21. Qb5 Qe6 22. Re1 Nxd4 23. Qd3 Nxc2 24. Qxc2 d4 25. Nd1 Nh5 26. e4 Nf4 27. Kh2 d3 28. Qc4 Qe5 29. g3 Rc8 30. Qb3 Rb8 31. Nc4 d2 32. Re3 Rxb3 33. Nxe5 Rxe3 34. fxe3 dxe5 35. exf4 exf4 36. gxf4 Rc8 0-1

[Event "Provincial-ch Xativa Primera"]
[Site "Xativa"]
[Date "2012.11.17"]
[Round "6"]
[White "Ecija Molina, Juan"]
[Black "Tormo Talens, Miguel"]
[Result "1-0"]
[WhiteElo "1652"]
[BlackElo "1651"]
[PlyCount "87"]
[EventDate "2012.10.06"]
[EventType "swiss"]
[EventRounds "7"]
[EventCountry "ESP"]
[SourceTitle "EXT 2024"]
[Source "ChessBase"]
[SourceDate "2023.10.10"]
[SourceVersion "1"]
[SourceVersionDate "2023.10.10"]
[SourceQuality "1"]

1. d4 Nf6 2. Nf3 g6 3. c4 Bg7 4. Nc3 d6 5. h3 0-0 6. e3 Nbd7 7. b4 e5 8. d5 e4 9. Nh2 Re8 10. Be2 Nf8 11. Bb2 Bd7 12. 0-0 b6 13. b5 a6 14. a4 h6 15. Qc2 Qe7 16. Rae1 Kh7 17. Bc1 Qe5 18. f4 Qe7 19. Bd1 Ng8 20. Bg4 f5 21. Bd1 Qf6 22. Ne2 axb5 23. cxb5 Rec8 24. Nd4 Qf7 25. g4 Qxd5 26. gxf5 gxf5 27. Kh1 Bxd4 28. exd4 Nf6 29. Bb2 Ne6 30. Qg2 Rg8 31. Qc2 e3+ 32. Bf3 Ne4 33. Bxe4 fxe4 34. Rxe3 Raf8 35. Rg1 Kh8 36. Rxg8+ Rxg8 37. Ng4 Kg7 38. Rxe4 c6 39. Kh2 cxb5 40. axb5 Bxb5 41. Rxe6 Qxe6 42. d5+ Kf7 43. dxe6+ Kxe6 44. Qb3+ 1-0